SERIE A FOOTBALL TEAMS 2021-2022 - ITALIAN SOCCER - Statistics

General Stats
  • This quiz has been taken 304 times
  • The average score is 14 of 20
Answer Stats
TEAMS % Correct
1 AC MILAN
99%
10 INTER MILAN
99%
11 JUVENTUS
98%
13 NAPOLI
91%
12 LAZIO
89%
14 ROMA
89%
2 ATALANTA
82%
7 FIORENTINA
81%
18 TORINO
80%
16 SASSUOLO
74%
3 BOLOGNA
72%
15 SAMPDORIA
72%
4 CAGLIARI
69%
9 GENOA
69%
19 UDINESE
69%
20 VENEZIA
61%
6 EMPOLI
55%
5 CHIEVO
27%
17 SPAL
20%
8 FROSINONE
18%
No matching quizzes found
Score Distribution
Percent of People with Each Score
Percentile by Number Answered
Your Score History
You have not taken this quiz